| 000 | 01222cam a2200361 a 4500 | ||
|---|---|---|---|
| 001 | 14675280 | ||
| 003 | OSt | ||
| 005 | 20230602094515.0 | ||
| 008 | 061219s2006 ke a b 000 0aeng | ||
| 010 | _a 2006317360 | ||
| 020 | _a9966710590 | ||
| 040 |
_aDLC _cDLC _dDLC |
||
| 042 | _alcode | ||
| 043 | _af-ke--- | ||
| 082 | 0 | 0 |
_a967.6204092 _aB _222 _bNDE |
| 100 | 1 | _aNdegwa, D. N. | |
| 245 | 1 | 0 |
_aWalking in Kenyatta struggles / _cDuncan Nderitu Ndegwa. |
| 260 |
_aNairobi, Kenya : _bKenya Leadership Institute, _c2006. |
||
| 300 |
_axi, 618 p. : _bill. (some col.) ; _c24 cm. |
||
| 504 | _aIncludes bibliographical references (p. 615-618). | ||
| 600 | 1 | 0 | _aNdegwa, D. N. |
| 600 | 1 | 0 | _aKenyatta, Jomo. |
| 610 | 2 | 0 |
_aCentral Bank of Kenya _xHistory. |
| 650 | 0 |
_aStatesmen _zKenya _vBiography. |
|
| 651 | 0 |
_aKenya _vBiography. |
|
| 651 | 0 |
_aKenya _xPolitics and government _y1963-1978. |
|
| 651 | 0 |
_aKenya _xPolitics and government _y1978- |
|
| 651 | 0 |
_aKenya _xHistory _y1963- |
|
| 856 | 4 | 1 |
_3Table of contents only _uhttp://www.loc.gov/catdir/toc/fy0707/2006317360.html |
| 906 |
_a7 _bcbc _corigode _d3 _encip _f20 _gy-gencatlg |
||
| 942 |
_2ddc _cBK |
||
| 999 |
_c34 _d34 |
||